Európsky systém DPH a hospodárska kríza

Uložené v:
Podrobná bibliografia
Hlavný autor: Kurotová, Alona
Médium: Kapitola
Jazyk:Slovak
Tagy: Pridať tag
Žiadne tagy, Buďte prvý, kto otaguje tento záznam!

MARC

LEADER 00000nla$a2200000$$$4500
001 0145179
005 20240502072617.3
041 0 |a slo 
044 |a SK 
245 1 0 |a Európsky systém DPH a hospodárska kríza  |c Alona Kurotová 
100 1 |a Kurotová, Alona